000 01018nam a2200265Ia 4500
999 _c55433
_d55433
001 22515
003 GE_BSU
005 20190703152243.0
008 181216s2015||||en |||||||||||||| ||eng||
020 _a9783125399068
040 _ceng
080 _a811.111.1 E-56
245 _aEnglish Unlimited B1 - Pre-Intermediate : Coursebook
_cwith e-Portfolio DVD-ROM + 3 Audio-CDs /
_bAlexs Tilbury ; Theresa Clementson ; Leslie Anne Hendra ; & David Rea .
250 _aFirst publihend 2010;8th printing 2015
264 _aCambridge :
_bCambridge University Press,
_c2015.
300 _a198 p.
_bill ;
_c29 cm.
_e+3CD
541 _h120gel.
653 _aEnglish Unlimited B1 - Pre-Intermediate. : Coursebook with e-Portfolio DVD-ROM + 3 Audio-CDs
653 _aინგლისური ენა (გრამატიკა)
700 _aTilbury Alexs
_93159
700 _aClementson Theresa
_93160
700 _aLeslie Anne Hendra
_93161
700 _aLeslie Anne Hendra
_93161
942 _cBK
_2udc